Statistics for Countries by Highest Volcano

Click here to take the quiz!

General Stats

  • This quiz has been taken 34 times
  • The average score is 7 of 10

Answer Stats

VolcanoElevation (metres)Country% Correct
Ojos del Salado6,893Argentina | Chile
94%
Pico de Orizaba5,636Mexico
94%
Chimborazo6,267Ecuador
84%
Nevado del Ruiz5,389Colombia
74%
Mount Elbrus5,642Russia
74%
Coropuna6,425Peru
71%
Nevado Sajama6,542Bolivia
65%
Kilimanjaro5,895Tanzania
58%
Mount Kenya5,199Kenya
45%
Mount Damavand5,610Iran
23%

Score Distribution

Percentile by Number Answered

Percent of People with Each Score

Your Score History

You have not taken this quiz